000 00711nam a22001817a 4500
005 20240115062647.0
008 231102b |||||||| |||| 00| 0 eng d
020 _a0702125482
041 _aEnglish
082 _a346.6 HAH
100 _aPretorius, JT, Delport, PA, Havenga, M and Vermaas, M
_lEnglish
245 _aHahlo's South African Company Law through the cases :
_bA collection of cases on company law, with explanatory notes and comments /
_cJT Pretorius, PA Delport, M Havenga and M Vermaas
250 _aFifth Edition
260 _aCape Town :
_bJuta and Company Ltd,
_c1991
300 _bliv, 765 pages ;
_c26 cm.
650 _aLegal practice
_bLaw
942 _cBK
_6ALISON_BN_VRIES
999 _c259
_d259